<?xml version="1.0" encoding="UTF-8"?>
<collection xmlns="http://www.loc.gov/MARC21/slim">
    <record>
        <controlfield tag="001">146647</controlfield>
        <controlfield tag="005">20170624233939.0</controlfield>
        <datafield tag="024" ind1="7" ind2=" ">
            <subfield code="2">HSB</subfield>
            <subfield code="a">08270009129x</subfield>
        </datafield>
        <datafield tag="037" ind1=" " ind2=" ">
            <subfield code="a">RWTH-CONV-026141</subfield>
        </datafield>
        <datafield tag="041" ind1=" " ind2=" ">
            <subfield code="a">English</subfield>
        </datafield>
        <datafield tag="100" ind1="1" ind2=" ">
            <subfield code="0">P:(DE-82)053389</subfield>
            <subfield code="a">Gill, Raj</subfield>
            <subfield code="b">0</subfield>
            <subfield code="e">Author</subfield>
        </datafield>
        <datafield tag="245" ind1=" " ind2=" ">
            <subfield code="a">Structure and function of human insulin-like factor-1</subfield>
            <subfield code="h">print</subfield>
        </datafield>
        <datafield tag="260" ind1=" " ind2=" ">
            <subfield code="a">Trivandrum</subfield>
            <subfield code="b">Research Signpost</subfield>
            <subfield code="c">2002</subfield>
        </datafield>
        <datafield tag="336" ind1="7" ind2=" ">
            <subfield code="0">PUB:(DE-HGF)16</subfield>
            <subfield code="2">PUB:(DE-HGF)</subfield>
            <subfield code="a">Journal Article</subfield>
            <subfield code="b">journal</subfield>
            <subfield code="m">journal</subfield>
        </datafield>
        <datafield tag="336" ind1="7" ind2=" ">
            <subfield code="2">DataCite</subfield>
            <subfield code="a">Output Types/Journal article</subfield>
        </datafield>
        <datafield tag="336" ind1="7" ind2=" ">
            <subfield code="0">0</subfield>
            <subfield code="2">EndNote</subfield>
            <subfield code="a">Journal Article</subfield>
        </datafield>
        <datafield tag="336" ind1="7" ind2=" ">
            <subfield code="2">BibTeX</subfield>
            <subfield code="a">ARTICLE</subfield>
        </datafield>
        <datafield tag="336" ind1="7" ind2=" ">
            <subfield code="2">ORCID</subfield>
            <subfield code="a">JOURNAL_ARTICLE</subfield>
        </datafield>
        <datafield tag="336" ind1="7" ind2=" ">
            <subfield code="2">DRIVER</subfield>
            <subfield code="a">article</subfield>
        </datafield>
        <datafield tag="700" ind1="1" ind2=" ">
            <subfield code="0">P:(DE-82)053390</subfield>
            <subfield code="a">de Meyts, Pierre</subfield>
            <subfield code="b">1</subfield>
            <subfield code="e">Author</subfield>
        </datafield>
        <datafield tag="700" ind1="1" ind2=" ">
            <subfield code="0">P:(DE-82)053391</subfield>
            <subfield code="a">Pitts, Jim</subfield>
            <subfield code="b">2</subfield>
            <subfield code="e">Author</subfield>
        </datafield>
        <datafield tag="700" ind1="1" ind2=" ">
            <subfield code="0">P:(DE-82)053392</subfield>
            <subfield code="a">Verma, Chandra</subfield>
            <subfield code="b">3</subfield>
            <subfield code="e">Author</subfield>
        </datafield>
        <datafield tag="700" ind1="1" ind2=" ">
            <subfield code="0">P:(DE-82)027228</subfield>
            <subfield code="a">Wollmer, Axel</subfield>
            <subfield code="b">4</subfield>
            <subfield code="e">Author</subfield>
        </datafield>
        <datafield tag="700" ind1="1" ind2=" ">
            <subfield code="0">P:(DE-82)053393</subfield>
            <subfield code="a">Wood, Steve</subfield>
            <subfield code="b">5</subfield>
            <subfield code="e">Author</subfield>
        </datafield>
        <datafield tag="773" ind1=" " ind2=" ">
            <subfield code="0">PERI:(DE-600)2089685-2</subfield>
            <subfield code="p">105-134</subfield>
            <subfield code="t">Recent research developments in protein engineering</subfield>
            <subfield code="v">2</subfield>
        </datafield>
        <datafield tag="909" ind1="C" ind2="O">
            <subfield code="o">oai:publications.rwth-aachen.de:146647</subfield>
            <subfield code="p">VDB</subfield>
        </datafield>
        <datafield tag="920" ind1="1" ind2=" ">
            <subfield code="0">I:(DE-82)hsbk100008_20140620</subfield>
            <subfield code="k">hsbk100008</subfield>
            <subfield code="l">Lehr- und Forschungsgebiet Struktur und Funktion von Proteinen</subfield>
            <subfield code="x">0</subfield>
        </datafield>
        <datafield tag="970" ind1=" " ind2=" ">
            <subfield code="a">08270009129x</subfield>
        </datafield>
        <datafield tag="980" ind1=" " ind2=" ">
            <subfield code="a">journal</subfield>
        </datafield>
        <datafield tag="980" ind1=" " ind2=" ">
            <subfield code="a">I:(DE-82)hsbk100008_20140620</subfield>
        </datafield>
        <datafield tag="980" ind1=" " ind2=" ">
            <subfield code="a">VDB</subfield>
        </datafield>
        <datafield tag="980" ind1=" " ind2=" ">
            <subfield code="a">UNRESTRICTED</subfield>
        </datafield>
        <datafield tag="980" ind1=" " ind2=" ">
            <subfield code="a">ConvertedRecord</subfield>
        </datafield>
    </record>

    
</collection>